| LEADER |
01121nam0a2200229 450 |
| 001 |
16829114 |
| 010 |
|
|
|a 978-2-215-15260-6
|b cart.
|d 7,95
|
| 100 |
|
|
|a 20170914d2017 u u0frey01 ba
|
| 101 |
0 |
|
|a fre
|
| 102 |
|
|
|a FR
|
| 200 |
0 |
|
|a Cartes pop-up
|f Charlie Pop
|g contribution pédagogique Elodie Lépine - photographies Thierry Antablian - illustrations Laurent Stefano - contribution pédagogique Elodie Lépine - photographies Thierry Antablian - illustrations Laurent Stefano
|
| 207 |
|
1 |
|a
|
| 210 |
|
|
|a Paris
|b 31 rue de Fleurus.
|c Fleurus
|d 2017
|
| 215 |
|
|
|a 31 p.
|c illustrations en couleur
|d 24 cm
|
| 225 |
1 |
|
|a Mes petits ateliers bleus
|
| 330 |
|
|
|a Des activités créatrices et manuelles autour du papier pour réaliser seize cartes pop-up. Des indications pédagogiques destinées aux parents accompagnent chaque modèle. Electre 2017
|
| 700 |
|
0 |
|a Pop
|b Charlie
|4 70
|
| 702 |
|
0 |
|a Lépine
|b Elodie
|4 205
|
| 702 |
|
0 |
|a Antablian
|b Thierry
|4 600
|
| 702 |
|
0 |
|a Stefano
|b Laurent
|4 440
|
| 900 |
|
|
|a Roman enfant
|
| 995 |
|
|
|a Bibliothèque
|c Bibliothèque
|f 00156006194211
|h 00156006194211
|k E 745.5 POP
|o p
|q j
|r az
|e Bibliothèque
|